Looking for Europe from the outside.

Americký pohľad na povahu diania v súčasnej novej Európe - strach, ohrozenie, fantázia. Ekonomické, technické a politické aspekty vzniku novej Európy, ekológia. Hlavné rysy budúcich trendov v Európe a úloha Európy vo svetovej ekonomike a politike z americkej perspektívy.

Guardado en:
Detalles Bibliográficos
Autor principal: Dator, J.
Formato: Capítulo de libro
Lenguaje:inglés
Materias:
Etiquetas: Agregar Etiqueta
Sin Etiquetas, Sea el primero en etiquetar este registro!

MARC

LEADER 00000naa a2200000 4500
001 r009649
005 20221213084942.7
041 0 |a eng 
044 |a GB 
245 1 0 |a Looking for Europe from the outside.  |c J. Dator 
520 |a Americký pohľad na povahu diania v súčasnej novej Európe - strach, ohrozenie, fantázia. Ekonomické, technické a politické aspekty vzniku novej Európy, ekológia. Hlavné rysy budúcich trendov v Európe a úloha Európy vo svetovej ekonomike a politike z americkej perspektívy. 
610 2 0 |a procesy sociálno-ekonomické 
610 2 0 |a Európa 
610 2 0 |a USA 
610 2 0 |a rozvoj vedeckotechnický 
610 2 0 |a ekológia 
610 2 0 |a politika 
610 2 0 |a hospodárstvo svetové 
610 2 0 |a prognózy 
100 1 |a Dator, J.